000 01674nam0a2200397 i 4500
001 RU\NLR\BIBL_A\011129550
005 20241115073213.0
010 _a9785971026976
021 _aRU
_b2016-33934
_92175
035 _a(NILC)RuMoRGB-008467275
035 _a(NLR Aleph) 011129550
090 _a11560330
_c11560330
100 _a20160516d2016 u y0rusy50 ca
101 1 _arus
_cger
102 _aRU
105 _aa|||z|||001zy
200 1 _aФизика обыденной жизни
_dDie Physik des Täglichen Lebens
_fЛ. Пфаундлер
_gпер. с нем. Г.А. Котляра
_gпод ред. и с предисл. проф. Н. А. Гезехуса
_zger
205 _aИзд. 2-е
_b[репр.]
210 _aМосква
_cURSS
_cЛЕНАНД
_d2016
215 _a521 с.
_cил.
_d23
225 1 _aНауку - всем! Шедевры научно-популярной литературы (физика)
_v№ 115
300 _aАвт. также на нем. яз.: Leopold Pfaundler
300 _aНа 4-й с. обл. авт.: Л. Пфаундлер, д-р философии, проф.
313 _a1-е изд. 1906 г.
320 _aИмен. и предм. указ.: с. 515-521
510 1 _6z20790
_aDie Physik des Täglichen Lebens
_zger
606 _aЗанимательная физика
_92174935
_3RU\NLR\AUTH\661308097
675 _a53
686 1 _aВ3я92
700 1 _aПфаундлер
_bЛ.
_gЛеопольд
790 1 _6z20510
_aPfaundler
_bL.
_gLeopold
801 0 _aRU
_bРГБ
_c20160422
_gRCR
942 _cBOOK
980 _aNBR